Washington Commanders Trivia - Statistics

General Stats
  • This quiz has been taken 1,117 times
    743 since last reset
  • The average score is 10 of 17
Answer Stats
Hint Answer % Correct
Name of the team prior to 2020 Washington Redskins
99%
Quarterback drafted with the #2 pick in the 2024 draft Jayden Daniels
93%
Quarterback who electrified fans during his Rookie of the Year season in 2012 Robert Griffin III
80%
Quarterback who recovered from his own horrific leg injury to once again become a starter in 2020 Alex Smith
73%
Team colors (be exact) Gold
73%
Leading passer in team history Joe Theismann
69%
Former owner who sold the team for a record $6.05 billion in 2023 Dan Snyder
66%
What a fired-up Kirk Cousins said after a game-winning drive in 2015 You {like} that!
65%
Linebacker who broke that player's leg, ending his career Lawrence Taylor
59%
First black quarterback to win a Super Bowl Doug Williams
55%
Team colors (be exact) Burgundy
51%
Head coach of the Super Bowl winning teams of 1982, 1987, and 1991 Joe Gibbs
48%
Receiver who notched 12,029 yards between 1980–1993 Art Monk
42%
Former receiver whose last name can mean "waiter" in French Pierre Garçon
41%
Player who led the NFL in passing, punting, and interceptions in 1943 Sammy Baugh
35%
Nickname of former player John Riggins The Diesel or Riggo
25%
Nickname of the Hail Mary play in 2024 in which the Commanders beat the Bears Hail {Maryland}
23%
No matching quizzes found
Score Distribution
Percent of People with Each Score
Percentile by Number Answered
Your Score History
You have not taken this quiz since the last reset